Total management by ratios : (Record no. 7791)

MARC details
000 -LEADER
fixed length control field 00696 a2200205 4500
010 ## - LCCN (DPL NO)
LC control number ENG-88185
020 ## - INTERNATIONAL STANDARD BOOK NUMBER
International Standard Book Number 9780761936213
Terms of availability 395.00
035 ## - SYSTEM CONTROL NUMBER
System control number EN-71718
037 ## - SOURCE OF ACQUISITION
Source of stock number/acquisition DBAD / PUB
082 14 - DEWEY DECIMAL CLASSIFICATION NUMBER
Classification number 658.4033
100 1# - MAIN ENTRY--PERSONAL NAME
Personal name Bhattacharya, Hrishikes
245 1# - TITLE STATEMENT
Title Total management by ratios :
Remainder of title an analytic approach to management control and stock market valuations /
Statement of responsibility, etc by Hrishikes Bhattacharya
250 ## - EDITION STATEMENT
Edition statement 2nd ed.
260 ## - PUBLICATION, DISTRIBUTION, ETC. (IMPRINT)
Place of publication, distribution, etc New Delhi
Name of publisher, distributor, etc Sage Publications
Date of publication, distribution, etc 2007
300 ## - PHYSICAL DESCRIPTION
Extent 392p.
Dimensions 22cm(pbk )
500 ## - GENERAL NOTE
General note Includes bibliographical references and index
650 #0 - SUBJECT ADDED ENTRY--TOPICAL TERM
Topical term or geographic name as entry element Ratio analysis
650 #0 - SUBJECT ADDED ENTRY--TOPICAL TERM
Topical term or geographic name as entry element Management
General subdivision Statistical methods
942 ## - ADDED ENTRY ELEMENTS (KOHA)
Institution code [OBSOLETE] dpl
Item type English Books
Source of classification or shelving scheme Dewey Decimal Classification
Classification part 658.4033
Call number suffix BHA
Holdings
Withdrawn status Lost status Not for loan Collection code Home library Current library Source of acquisition Cost, normal purchase price Full call number Barcode Copy number Cost, replacement price Koha item type
    Not For Loan Non-fiction D.B.Act.Division D.B.Act.Division DBAD/PUB 395.00 658.4033 BHA EN-71718 1 395.00 English Books

© Delhi Public Library
Hit Counter
free hit counter